| 000 | 00654nam a22001695i 4500 | ||
|---|---|---|---|
| 001 | 164387 | ||
| 003 | ES-MaACL | ||
| 005 | 20230906212927.0 | ||
| 008 | 991222s1893 sp |||| | spa d | ||
| 040 |
_aCCPB | B _bspa _cCCPB | B |
||
| 100 | 1 |
_aSáinz de los Terreros, Manuel. _9133000 |
|
| 245 | 1 | 3 |
_aEl muy noble y leal Valle de Soba / _cpor Manuel Sáinz de los Terreros. |
| 260 |
_aMadrid : _b[s.n.], _c1893 ( _fR. Velasco, impresor) |
||
| 300 |
_a[10], 261, [3] p. ; _c19 cm. |
||
| 651 | 4 |
_aSoba, Valle de (España)- _xDescripción. _9137368 |
|
| 852 |
_aES-MaACL _jT-760-F-2 _z-- Enc. hol., conservando la cub. original _z-- Enc. en un vol. facticio |
||
| 999 |
_c164387 _d164387 |
||